Wilmington Airport Destinations (Wilmington, DE, USA) - Statistics

General Stats
  • This quiz has been taken 61 times
    29 since last reset
  • The average score is 7 of 13
Answer Stats
Airline Destination % Correct
Avelo Airlines Orlando
94%
Avelo Airlines Fort Lauderdale
82%
Avelo Airlines Tampa
82%
Avelo Airlines Fort Myers
76%
Avelo Airlines Jacksonville (FL)
65%
Avelo Airlines Sarasota
59%
Avelo Airlines West Palm Beach
59%
Avelo Airlines Myrtle Beach
47%
Avelo Airlines Lakeland
35%
Avelo Airlines Daytona Beach
24%
Avelo Airlines Wilmington (NC)
24%
Avelo Airlines San Juan
12%
Avelo Airlines Raleigh/Durham
6%
No matching quizzes found
Score Distribution
Percent of People with Each Score
Percentile by Number Answered
Your Score History
You have not taken this quiz since the last reset